[Event "AUTO-OPEN-3276"]
[Site "http://www.queenalice.com/game.php?id=1333651"]
[Date "2015.1.8"]
[Round "3"]
[White "rtz678"]
[Black "enrosque"]
[Result "0-1"]
[WhiteElo "2388"]
[BlackElo "2519"]

1. e4 e6 2. d4 d5 3. exd5 exd5 4. Bd3 Bd6 5. Nf3 Nf6 6. O-O O-O 7. Re1 Bg4 8.
Be3 c6 9. Nbd2 Qc7 10. h3 Bh5 11. c4 Nbd7 12. cxd5 Nxd5 13. Bxh7+ Kxh7 14. Ng5+
Kh6 15. Qb1 Bg6 16. Nxf7+ Kh7 17. Ng5+ Kh6 18. Ne6+ Nxe3 19. Nxc7 Bxb1 20. Nxa8
Bg6 21. Rxe3 Rxa8 22. Nc4 Bf8 23. Rb3 Rb8 0-1

[Event "AUTO-OPEN-3441"]
[Site "http://www.queenalice.com/game.php?id=1343540"]
[Date "2015.2.23"]
[Round "1"]
[White "Mighty_Manu"]
[Black "rtz678"]
[Result "0-1"]
[WhiteElo "1700"]
[BlackElo "2403"]

1. e4 d5 2. exd5 Nf6 3. c4 c6 4. Nc3 cxd5 5. h3 d4 6. Nce2 e5 7. g4 Bd6 8. Bg2
Nc6 9. Qa4 Bd7 10. c5 Bxc5 11. Qc4 Qe7 12. a3 O-O 13. b4 Bb6 14. b5 Na5 15. Qa4
Rac8 16. Nf3 Rc4 17. Qxc4 Nxc4 18. a4 Be6 19. d3 Qb4+ 20. Nd2 Ba5 21. O-O Nxd2
22. Ba3 Qb3 23. Bxf8 Nxf1 24. Bxf1 Kxf8 25. Nxd4 exd4 26. Ra2 Qxa2 27. Be2 Qxe2
28. b6 Be1 29. f4 Qf2+ 30. Kh1 Bd5# 0-1

[Event "AUTO-OPEN-3441"]
[Site "http://www.queenalice.com/game.php?id=1343541"]
[Date "2015.2.23"]
[Round "1"]
[White "rtz678"]
[Black "Mighty_Manu"]
[Result "1-0"]
[WhiteElo "2404"]
[BlackElo "1698"]

1. e4 d5 2. exd5 Qxd5 3. Nc3 Qd6 4. d4 e5 5. Qe2 Nc6 6. dxe5 Nxe5 7. f4 Bf5 8.
Nf3 f6 9. fxe5 fxe5 10. Qxe5+ Qxe5+ 11. Nxe5 Nh6 12. Bxh6 gxh6 13. O-O-O Bg6 14.
Bc4 Bd6 15. Rhe1 O-O-O 16. Nxg6 hxg6 17. Kb1 Bxh2 18. Nd5 Bg3 19. Re2 c6 20.
Ne7+ Kc7 21. Rxd8 Rxd8 22. c3 b5 23. Bb3 Rd7 24. Nxg6 Rf7 25. Bxf7 Be5 26. Rxe5
c5 27. Re6 a5 28. Ne5 Kd8 29. Rxh6 Kc7 30. g4 Kd8 31. g5 Ke7 32. Ra6 Kf8 33. Bd5
Kg7 34. Ra7+ Kh8 35. Ng6# 1-0

[Event "AUTO-OPEN-3441"]
[Site "http://www.queenalice.com/game.php?id=1343566"]
[Date "2015.2.23"]
[Round "1"]
[White "BlackKnight72"]
[Black "rtz678"]
[Result "0-1"]
[WhiteElo "1621"]
[BlackElo "2380"]

1. e4 d5 2. exd5 Nf6 3. Nf3 Nxd5 4. d4 Bf5 5. c3 e6 6. Be2 Nc6 7. b4 Bxb1 8.
Rxb1 Nxc3 9. Qc2 Nxb1 10. Qxb1 Bxb4+ 11. Bd2 Bxd2+ 12. Nxd2 O-O 13. O-O Rb8 14.
Nf3 Qf6 15. Rd1 Rfd8 16. Qb2 Rd6 17. h3 a6 18. a3 b5 19. Ne5 Rbd8 20. Bf3 Nxe5
21. dxe5 Rxd1+ 22. Bxd1 Rxd1+ 23. Kh2 Qd8 0-1

[Event "AUTO-OPEN-3441"]
[Site "http://www.queenalice.com/game.php?id=1343567"]
[Date "2015.2.23"]
[Round "1"]
[White "rtz678"]
[Black "BlackKnight72"]
[Result "1-0"]
[WhiteElo "2381"]
[BlackElo "1621"]

1. e4 c5 2. d4 cxd4 3. c3 dxc3 4. Nxc3 Nc6 5. Nf3 d6 6. Bc4 Nf6 7. O-O g6 8. e5
Ng4 9. exd6 Qxd6 10. Nb5 Qb8 11. Re1 Bg7 12. Nd6+ Kf8 13. Nxf7 e6 14. Nxh8 Bxh8
15. h3 Nf6 16. Bxe6 Bxe6 17. Rxe6 Kg7 18. Bg5 Kf7 19. Qe2 Bg7 20. Rd1 Nb4 21.
Bxf6 Bxf6 22. Rd7+ Kg8 23. Rxf6 Nc6 24. Qe6+ Kh8 25. Rff7 Qg8 26. Qf6+ 1-0

[Event "AUTO-OPEN-3590"]
[Site "http://www.queenalice.com/game.php?id=1401683"]
[Date "2016.1.1"]
[Round "1"]
[White "sia"]
[Black "rtz678"]
[Result "0-1"]
[WhiteElo "2105"]
[BlackElo "2414"]

1. g3 d5 2. Bg2 e5 3. d3 c6 4. Nf3 Bd6 5. O-O Nf6 6. Bg5 Nbd7 7. c4 h6 8. Bxf6
Nxf6 9. cxd5 Nxd5 10. Nc3 Be6 11. Ne4 O-O 12. Nxd6 Qxd6 13. a3 Rad8 14. Nh4 Nf6
15. Qa4 Qb8 16. b4 Bd5 17. Nf5 Bxg2 18. Kxg2 Nd5 19. Qc2 Qc8 20. e4 Qe6 21. exd5
Qxf5 22. dxc6 Rxd3 23. Qc4 Qf3+ 24. Kg1 bxc6 25. Rac1 Rxa3 26. Qxc6 Qxc6 27.
Rxc6 Rb8 28. Rb1 Ra2 29. b5 f6 30. Rc7 Rd8 31. Rbc1 Rdd2 32. Rf1 h5 33. h4 Rdb2
34. Kg2 Rxb5 35. Kf3 Rb4 36. Rd1 Rb3+ 37. Kg2 Rbb2 38. Rf1 a5 39. g4 hxg4 40.
Kg3 f5 41. Rc5 Re2 42. h5 Kh7 43. Kh4 Rxf2 44. Rxf2 Rxf2 45. Rxa5 Rh2+ 46. Kg5
g3 47. Rxe5 g2 48. Re1 Rh1 49. Re7 g1=Q+ 50. Kxf5 Rxh5+ 51. Ke6 Qe3+ 52. Kf7
Rf5+ 53. Ke8 Re5 54. Rxe5 Qxe5+ 55. Kf7 g5 56. Kf8 g4 57. Kf7 g3 58. Kf8 g2 59.
Kf7 g1=Q 60. Kf8 Qf2# 0-1

[Event "AUTO-OPEN-3590"]
[Site "http://www.queenalice.com/game.php?id=1401684"]
[Date "2016.1.1"]
[Round "1"]
[White "rtz678"]
[Black "sia"]
[Result "1-0"]
[WhiteElo "2416"]
[BlackElo "2094"]

1. e4 e6 2. d4 d6 3. c4 Nf6 4. Nc3 Nc6 5. Nf3 Be7 6. h3 O-O 7. Bd3 Nb4 8. Bb1 b6
9. a3 Nc6 10. b4 Bb7 11. O-O a6 12. Be3 Na7 13. Qc2 Ne8 14. Rd1 Nf6 15. e5 Ne4
16. Nxe4 g6 17. Bh6 Re8 18. Bg5 Bxe4 19. Qxe4 Bxg5 20. h4 Bh6 21. Qb7 dxe5 22.
Be4 Qe7 23. dxe5 a5 24. Qa6 Nc6 25. Qb5 Na7 26. Qa4 axb4 27. Bxa8 Rxa8 28. axb4
c6 29. Rd6 b5 30. cxb5 cxb5 31. Qa3 Bf4 32. Ra6 g5 33. Rxa7 Rxa7 34. Qxa7 Qxb4
35. Qd4 Qxd4 36. Nxd4 Bxe5 37. Rd1 gxh4 38. Nxb5 Kg7 39. Kf1 Kg6 40. Ke2 h5 41.
Kf3 f5 42. Nd4 Kf6 43. Nc6 Bb2 44. Nd8 e5 45. Ke2 Kg5 46. Rb1 Bd4 47. Ne6+ Kf6
48. Nxd4 exd4 49. Kd3 Ke5 50. Rb4 h3 51. gxh3 Kf4 52. Rxd4+ Ke5 53. Rh4 Kf6 54.
Rxh5 Kg6 55. Rh4 Kg5 56. Ra4 f4 57. Ke4 Kh4 58. Kxf4 Kxh3 59. Kf3 Kh2 60. Rh4+
Kg1 61. Rh3 Kf1 62. Rh1# 1-0

[Event "AUTO-OPEN-3590"]
[Site "http://www.queenalice.com/game.php?id=1431762"]
[Date "2016.7.15"]
[Round "2"]
[White "szachograjek"]
[Black "rtz678"]
[Result "0-1"]
[WhiteElo "2208"]
[BlackElo "2422"]

1. e4 d5 2. e5 c5 3. f4 Nc6 4. Nf3 d4 5. d3 e6 6. Nbd2 Be7 7. Ne4 Nh6 8. Be2 Nf5
9. O-O O-O 10. g4 Nh6 11. h3 b6 12. Nfd2 f5 13. exf6 gxf6 14. Ng3 Qc7 15. Nde4
f5 16. g5 fxe4 17. gxh6 e3 0-1

[Event "AUTO-OPEN-3590"]
[Site "http://www.queenalice.com/game.php?id=1431763"]
[Date "2016.7.15"]
[Round "2"]
[White "rtz678"]
[Black "szachograjek"]
[Result "1-0"]
[WhiteElo "2418"]
[BlackElo "2232"]

1. e4 e5 2. d4 exd4 3. Nf3 Nc6 4. Nxd4 Bc5 5. Be3 Qf6 6. c3 a5 7. Na3 Bxa3 8.
bxa3 Qe5 9. Nb5 Nf6 10. Qf3 O-O 11. Bf4 Qxe4+ 12. Qxe4 Nxe4 13. f3 Nc5 14. Nxc7
Ra7 15. Bd6 1-0

[Event "AUTO-OPEN-3590"]
[Site "http://www.queenalice.com/game.php?id=1456490"]
[Date "2016.12.25"]
[Round "3"]
[White "rsgaspar"]
[Black "rtz678"]
[Result "0-1"]
[WhiteElo "2469"]
[BlackElo "2426"]

1. e4 d5 2. exd5 Nf6 3. d4 Nxd5 4. c4 Nf6 5. Nf3 c5 6. d5 e6 7. Nc3 Na6 8. Be2
exd5 9. cxd5 Bd6 10. Bb5+ Bd7 11. Qe2+ Qe7 12. Qxe7+ Kxe7 13. Bg5 Bxb5 14. Nxb5
Nc7 15. Nxd6 Kxd6 16. Bf4+ Kd7 17. Ne5+ Ke8 18. d6 Ne6 19. Be3 Nd5 20. O-O-O
Nxe3 21. fxe3 f6 22. Nc4 Kd7 23. a4 Ng5 24. Rd5 Ne4 25. Rhd1 b6 26. Kc2 Rae8 27.
h3 Re6 28. R1d3 Rhe8 29. Kb3 Ng3 30. Rd1 g6 31. R5d3 Ne4 32. Rf1 Rd8 33. Kc2 Kc6
34. g4 Nxd6 35. Nxd6 Rdxd6 36. b3 Rxd3 37. Kxd3 Kd5 38. Rf4 Kd6 39. Rc4 Kc6 40.
Rf4 Kd5 41. h4 Ke5 42. Re4+ Kd6 43. Rf4 Kd5 44. h5 a6 45. Rf1 b5 46. axb5 axb5
47. Ra1 Re4 48. Ra6 Rb4 49. Kc2 Ke5 50. Ra7 Rxg4 51. Re7+ Kf5 52. Rxh7 g5 53.
Rb7 Ke4 54. Re7+ Kf3 55. Kd2 Rg2+ 56. Kd3 Rb2 57. h6 Rxb3+ 58. Kc2 Ra3 59. h7
Ra8 60. Re6 Rh8 61. Rxf6+ Kxe3 62. Re6+ Kd4 63. Rd6+ Ke4 64. Re6+ Kf3 65. Re7 g4
66. Kd3 g3 67. Re3+ Kg2 0-1

[Event "AUTO-OPEN-3590"]
[Site "http://www.queenalice.com/game.php?id=1456491"]
[Date "2016.12.25"]
[Round "3"]
[White "rtz678"]
[Black "rsgaspar"]
[Result "1-0"]
[WhiteElo "2435"]
[BlackElo "2460"]

1. e4 c5 2. c4 e5 3. Nc3 d6 4. d3 Nc6 5. Be2 Be7 6. f4 Bh4+ 7. g3 Be7 8. Nf3 Nf6
9. O-O Bh3 10. Re1 O-O 11. Nd5 exf4 12. Bxf4 Re8 13. Rb1 Bg4 14. a3 Nxd5 15.
exd5 Bxf3 16. Bxf3 Nd4 17. b4 cxb4 18. axb4 Qd7 19. Bg2 Rac8 20. Qd2 Bf6 21. Qf2
Rxe1+ 22. Rxe1 Qa4 23. Rf1 Qxb4 24. Bg5 Qc3 25. Be4 Re8 26. Kh1 Qc2 27. Qf4 Rxe4
28. Qxe4 Be5 29. Be7 h5 30. Bxd6 Bxd6 31. Qxd4 b6 32. Qe4 Qa4 33. Qf5 Qe8 34.
Qxh5 a5 35. Kg2 a4 36. Qf3 a3 37. Qf2 Qe7 38. Re1 Qd8 39. Qe3 Kf8 40. Rb1 Bc5
41. d4 Be7 42. Qb3 Bd6 43. Qxb6 Qe7 44. Kf2 Qf6+ 45. Kg1 Kg8 46. Re1 g6 47. Kg2
a2 48. Ra1 Qf5 49. Rxa2 Qe4+ 50. Kf2 Bf8 51. Qf6 Qh1 52. Qh4 Qb1 53. Re2 Qb3 54.
d6 Bxd6 55. c5 Bf8 56. Qe4 Kg7 57. Qe5+ Kh7 58. c6 Bg7 59. Qe4 Qd1 60. c7 Bxd4+
61. Kg2 Qg1+ 62. Kh3 Qf1+ 63. Rg2 Qc4 64. Qf4 Qc5 65. Qxf7+ Kh6 66. Qf4+ g5 67.
Qf7 Qc6 68. Qf8+ 1-0